Quiz sur la Birmanie - Statistiques

Statistiques générales
  • Ce quiz a été pris 4 563 fois
  • Le résultat moyen est 13 sur 22
Statistiques - réponses
Question Réponse % Correct
Nom alternatif employé par l'ONU Myanmar
93%
Pays frontaliers Inde
92%
Pays européen ayant colonisé la Birmanie Royaume-Uni
92%
Pays frontaliers Chine
91%
Pays frontaliers Thaïlande
91%
Pays frontaliers Bangladesh
87%
Pays frontaliers Laos
86%
Religion pratiquée par les Rohingya Islam
83%
Religion la plus pratiquée Bouddhisme
81%
Pays ayant envahi la Birmanie en 1942 Japon
81%
Capitale (depuis 2005) Naypyidaw
62%
Golfe bordant la Birmanie Golfe du {Bengale}
59%
La Birmanie est l'un des trois pays qui n'utilisent pas ce « système » (avec les États-Unis et le Liberia) Système {Métrique}
58%
Nom donné à la dictature militaire ayant dirigé le pays de 1988 à 2011 J{unte}
50%
Ancien nom de celle-ci Rangoun
48%
Type de temple sous forme de tour notamment répandu en Birmanie P{agode}
41%
Femme d'État ayant été sous résidence surveillée pendant 20 ans {Aung} San Suu Kyi
32%
Ville la plus peuplée Yangon
24%
Mer bordant la Birmanie Mer d'{Andaman}
22%
Deuxième ville la plus peuplée Mandalay
19%
Plus long fleuve Irrawaddy
12%
Secrétaire Général des Nations Unies, de 1961 à 1971 U {Thant}
9%
Aucun quiz correspondant
Distribution des résultats
% des personnes avec chaque résultat
Percentile par nombre de réponses
Votre historique - résultats
Vous n’avez pas pris ce quiz